Estadísticas para Países Productores de la Mayoría de las Naranjas

Haz click aquí para intentar la prueba.

Estadísticas generales

  • Esta prueba ha sido intentada 77 veces
  • La puntuación promedio es 15 de 20

Estadísticas de respuestas

1000 toneladaspaís% Correcto
17 459Brasil
96%
3 357España
96%
7 647India
96%
8 564China
94%
1 025Argentina
93%
4 616Estados Unidos
93%
4 630México
93%
1 501Italia
91%
1 037Marruecos
80%
1 950Turquía
80%
961Grecia
77%
2 295Indonesia
77%
1 453Sudáfrica
77%
1 014Argelia
75%
3 014Egipto
67%
1 561Irán
59%
1 585Pakistán
51%
768Vietnam
51%
795Siria
49%
703Ghana
14%

Distribución de puntuación

Porcentaje por número respondido

Porcentaje de gente con cada puntuación

Historial de tus puntuaciones

No has intentado esta prueba.